08861 2204057 4500001002100000008004100021035002000062245004900082110001900131250001300150260003100163300002200194020001800216084001400234082000800248650001100256990001400267990001400281990001400295990001400309990001400323990001400337990001400351990001400365990001400379990001400393990001400407990001400421990001400435990001400449990001400463990001400477990001400491990001400505990001400519990001400533990001400547990001400561990001400575990001400589990001400603990001400617990001400631990001400645990001400659990001400673990001400687990001400701990001400715990001400729990001400743990001400757990001400771990001400785990001400799990001400813990001400827990001400841990001400855990001400869990001400883990001400897990001400911990001400925990001400939990001400953990001400967990001400981990001400995990001401009990001401023990001401037990001401051990001401065990001401079990001401093990001401107990001401121990001401135990001401149990001401163990001401177990001401191990001401205990001401219990001401233990001401247990001401261990001401275990001401289990001401303990001401317990001401331990001401345990001401359990001401373990001401387990001401401990001401415990001401429990001401443990001401457990001401471990001401485990001401499990001401513990001401527990001401541990001401555990001401569990001401583990001401597990001401611990001401625990001401639990001401653990001401667990001401681990001401695990001401709990001401723990001401737990001401751990001401765990001401779990001401793990001401807990001401821990001401835990001401849990001401863990001401877990001401891990001401905990001401919990001401933990001401947990001401961990001401975990001401989990001402003990001402017990001402031990001402045990001402059990001402073990001402087990001402101990001402115990001402129990001402143990001402157990001402171990001402185990001402199990001402213990001402227990001402241990001402255990001402269990001402283990001402297990001402311990001402325990001402339990001402353990001402367990001402381990001402395990001402409990001402423990001402437990001402451990001402465990001402479990001402493990001402507990001402521990001402535990001402549990001402563990001402577990001402591990001402605990001402619990001402633990001402647990001402661990001402675990001402689990001402703990001402717990001402731990001402745990001402759990001402773990001402787990001402801990001402815990001402829990001402843990001402857990001402871990001402885990001402899990001402913990001402927990001402941990001402955990001402969990001402983990001402997990001403011990001403025990001403039990001403053990001403067990001403081990001403095990001403109990001403123990001403137990001403151990001403165990001403179990001403193990001403207990001403221990001403235990001403249990001403263990001403277990001403291990001403305990001403319990001403333990001403347990001403361990001403375990001403389990001403403990001403417990001403431990001403445990001403459990001403473990001403487990001403501990001403515990001403529990001403543990001403557990001403571990001403585990001403599990001403613990001403627990001403641990001403655990001403669990001403683990001403697990001403711990001403725990001403739990001403753990001403767990001403781990001403795990001403809990001403823990001403837990001403851990001403865990001403879990001403893990001403907990001403921990001403935990001403949990001403963990001403977990001403991990001404005990001404019990001404033990001404047990001404061990001404075990001404089990001404103990001404117990001404131990001404145990001404159990001404173990001404187990001404201990001404215990001404229990001404243990001404257990001404271990001404285990001404299990001404313990001404327990001404341990001404355990001404369990001404383990001404397990001404411990001404425990001404439990001404453990001404467990001404481990001404495990001404509990001404523990001404537990001404551990001404565990001404579990001404593990001404607990001404621990001404635990001404649990001404663990001404677990001404691990001404705990001404719990001404733990001404747990001404761990001404775990001404789INLIS000000000000032 ING  a0010-1023000007 aENGLISH FOR NUSANTARAcIKA LESTARI DAMAYANTI aDapat dipinjam aTersedia aJAKARTAbKEMENDIKBUDc2021 a312c17,6 x 25 cm a9786024279417 a420 IKA e a420 aBAHASA aIKM.10740 aIKM.10741 aIKM.10742 aIKM.10743 aIKM.10744 aIKM.10745 aIKM.10746 aIKM.10747 aIKM.10748 aIKM.10749 aIKM.10750 aIKM.10751 aIKM.10752 aIKM.10753 aIKM.10754 aIKM.10755 aIKM.10756 aIKM.10757 aIKM.10758 aIKM.10759 aIKM.10760 aIKM.10761 aIKM.10762 aIKM.10763 aIKM.10764 aIKM.10765 aIKM.10766 aIKM.10767 aIKM.10768 aIKM.10769 aIKM.10770 aIKM.10771 aIKM.10772 aIKM.10773 aIKM.10774 aIKM.10775 aIKM.10776 aIKM.10777 aIKM.10778 aIKM.10779 aIKM.10780 aIKM.10781 aIKM.10782 aIKM.10783 aIKM.10784 aIKM.10785 aIKM.10786 aIKM.10787 aIKM.10788 aIKM.10789 aIKM.10790 aIKM.10791 aIKM.10792 aIKM.10793 aIKM.10794 aIKM.10795 aIKM.10796 aIKM.10797 aIKM.10798 aIKM.10799 aIKM.10800 aIKM.10801 aIKM.10802 aIKM.10803 aIKM.10804 aIKM.10805 aIKM.10806 aIKM.10807 aIKM.10808 aIKM.10809 aIKM.10810 aIKM.10811 aIKM.10812 aIKM.10813 aIKM.10814 aIKM.10815 aIKM.10816 aIKM.10817 aIKM.10818 aIKM.10819 aIKM.10820 aIKM.10821 aIKM.10822 aIKM.10823 aIKM.10824 aIKM.10825 aIKM.10826 aIKM.10827 aIKM.10828 aIKM.10829 aIKM.10830 aIKM.10831 aIKM.10832 aIKM.10833 aIKM.10834 aIKM.10835 aIKM.10836 aIKM.10837 aIKM.10838 aIKM.10839 aIKM.10840 aIKM.10841 aIKM.10842 aIKM.10843 aIKM.10844 aIKM.10845 aIKM.10846 aIKM.10847 aIKM.10848 aIKM.10849 aIKM.10850 aIKM.10851 aIKM.10852 aIKM.10853 aIKM.10854 aIKM.10855 aIKM.10856 aIKM.10857 aIKM.10858 aIKM.10859 aIKM.10860 aIKM.10861 aIKM.10862 aIKM.10863 aIKM.10864 aIKM.10865 aIKM.10866 aIKM.10867 aIKM.10868 aIKM.10869 aIKM.10870 aIKM.10871 aIKM.10872 aIKM.10873 aIKM.10874 aIKM.10875 aIKM.10876 aIKM.10877 aIKM.10878 aIKM.10879 aIKM.10880 aIKM.10881 aIKM.10882 aIKM.10883 aIKM.10884 aIKM.10885 aIKM.10886 aIKM.10887 aIKM.10888 aIKM.10889 aIKM.10890 aIKM.10891 aIKM.10892 aIKM.10893 aIKM.10894 aIKM.10895 aIKM.10896 aIKM.10897 aIKM.10898 aIKM.10899 aIKM.10900 aIKM.10901 aIKM.10902 aIKM.10903 aIKM.10904 aIKM.10905 aIKM.10906 aIKM.10907 aIKM.10908 aIKM.10909 aIKM.10910 aIKM.10911 aIKM.10912 aIKM.10913 aIKM.10914 aIKM.10915 aIKM.10916 aIKM.10917 aIKM.10918 aIKM.10919 aIKM.10920 aIKM.10921 aIKM.10922 aIKM.10923 aIKM.10924 aIKM.10925 aIKM.10926 aIKM.10927 aIKM.10928 aIKM.10929 aIKM.10930 aIKM.10931 aIKM.10932 aIKM.10933 aIKM.10934 aIKM.10935 aIKM.10936 aIKM.10937 aIKM.10938 aIKM.10939 aIKM.10940 aIKM.10941 aIKM.10942 aIKM.10943 aIKM.10944 aIKM.10945 aIKM.10946 aIKM.10947 aIKM.10948 aIKM.10949 aIKM.10950 aIKM.10951 aIKM.10952 aIKM.10953 aIKM.10954 aIKM.10955 aIKM.10956 aIKM.10957 aIKM.10958 aIKM.10959 aIKM.10960 aIKM.10961 aIKM.10962 aIKM.10963 aIKM.10964 aIKM.10965 aIKM.10966 aIKM.10967 aIKM.10968 aIKM.10969 aIKM.10970 aIKM.10971 aIKM.10972 aIKM.10973 aIKM.10974 aIKM.10975 aIKM.10976 aIKM.10977 aIKM.10978 aIKM.10979 aIKM.10980 aIKM.10981 aIKM.10982 aIKM.10983 aIKM.10984 aIKM.10985 aIKM.10986 aIKM.10987 aIKM.10988 aIKM.10989 aIKM.10990 aIKM.10991 aIKM.10992 aIKM.10993 aIKM.10994 aIKM.10995 aIKM.10996 aIKM.10997 aIKM.10998 aIKM.10999 aIKM.11000 aIKM.11001 aIKM.11002 aIKM.11003 aIKM.11004 aIKM.11005 aIKM.11006 aIKM.11007 aIKM.11008 aIKM.11009 aIKM.11010 aIKM.11011 aIKM.11012 aIKM.11013 aIKM.11014 aIKM.11015 aIKM.11016 aIKM.11017 aIKM.11018 aIKM.11019 aIKM.11020 aIKM.11021 aIKM.11022 aIKM.11023 aIKM.11024 aIKM.11025 aIKM.11026 aIKM.11027 aIKM.11028 aIKM.11029 aIKM.11030 aIKM.11031 aIKM.11032 aIKM.11033 aIKM.11034 aIKM.11035 aIKM.11036 aIKM.11037 aIKM.11038 aIKM.11039 aIKM.11040 aIKM.11041 aIKM.11042 aIKM.11043 aIKM.11044 aIKM.11045 aIKM.11046 aIKM.11047 aIKM.11048 aIKM.11049 aIKM.11050 aIKM.11051 aIKM.11052 aIKM.11053 aIKM.11054 aIKM.11055 aIKM.11056 aIKM.11057 aIKM.11058 aIKM.11059 aIKM.11060 aIKM.11061 aIKM.11062 aIKM.11063